Thermodynamics and an introduction to thermostatistics /

Uloženo v:
Podrobná bibliografie
Hlavní autor: Callen, Herbert B.
Médium: Kniha
Jazyk:English
Vydáno: New York : J. Wiley, 1985.
Vydání:2nd ed.
Témata:
Tagy: Přidat tag
Žádné tagy, Buďte první, kdo otaguje tento záznam!
Thư viện lưu trữ: Mạng thư viện Đại học Đà Nẵng
LEADER 00886cam a2200349 i 4500
001 000045941
003 5162
005 20041028142747.0
008 010220b1985 vm 000 eng
020 |a 0471862568 
040 |a IRC  |c IRC  |d IRC 
041 0 |a eng 
082 1 4 |a 536.7  |b CA-H 
100 1 |a Callen, Herbert B. 
245 1 0 |a Thermodynamics and an introduction to thermostatistics /  |c Herbert B. Callen. 
250 |a 2nd ed. 
260 |a New York :  |b J. Wiley,  |c 1985. 
300 |a xvi, 493 p. 
630 0 4 |a Thermodynamics. 
630 0 4 |a Statistical mechanics. 
650 0 4 |a Statistical mechanics. 
650 0 4 |a Thermodynamics. 
OWN |a DUT 
999 |a From the UDN01 
TYP |a Monograph 
TYP |a Printed language 
980 |a Mạng thư viện Đại học Đà Nẵng